Devine Les Footballer Avec La Photo - Statistiques

Statistiques générales
  • Ce quiz a été pris 1 230 fois
  • Le résultat moyen est 11 sur 12
Statistiques - réponses
Par images Réponse % Correct
Cristiano Ronaldo
100%
Mbappe
100%
Messi
100%
Neymar Jr
98%
Pele
97%
Zlatan Ibrahimovic
97%
Maradona
96%
Sergio Ramos
94%
De Bruyne
91%
Suarez
90%
Bale
88%
Iniesta
88%
Aucun quiz correspondant
Distribution des résultats
% des personnes avec chaque résultat
Percentile par nombre de réponses
Votre historique - résultats
Vous n’avez pas pris ce quiz